000 00553nam a2200229Ia 4500
003 OSt
005 20221005115136.0
006 a|||||r|||| 00| 0
007 ta
008 221004b |||||||| |||| 00| 0 eng d
024 _a54045
037 _cTextual
040 _aCRL
_cCRL
_beng
041 _2eng
_aeng
082 _aR64:9, F4
100 _aKane P V.
245 0 _aBrief sketch of the Purvami mansa system.
260 _c1924
650 _aPHILOSOPHY
942 _hR64:9, F4
_cTEXL
_2cc
999 _c1033531
_d1033531